Les communes limitrophes d’ Asnières-sur-Seine - Statistiques

Statistiques générales
  • Ce quiz a été pris 114 fois
  • Le résultat moyen est 6 sur 7
Statistiques - réponses
Hint Réponse % Correct
Nord-Ouest Colombes
97%
Nord-Est Gennevilliers
94%
Ouest Bois-Colombes
93%
Sud Clichy
85%
Sud-Ouest Courbevoie
83%
Sud Levallois-Perret
73%
Sud-Est Saint-Ouen-sur-Seine
51%
Aucun quiz correspondant
Distribution des résultats
% des personnes avec chaque résultat
Percentile par nombre de réponses
Votre historique - résultats
Vous n’avez pas pris ce quiz